000 005020000a22001810004500
003 MACL
005 20160410151701.0
008 160410b xxu||||| |||| 00| 0 eng d
040 _aMACL
_cMACL
041 _aHindi
082 _a610
100 _aप्रमोद
_951765
245 _aस्‍वास्‍थ्‍य रक्षा
260 _bगीता प्रकाशन
_c2005
_aदिल्‍ली
350 _a125
650 _aMedical Sci.
_933115
942 _cHIN
_k610
_2ddc
999 _c11314
_d11314